Вып. 10; Тибетско-русско-английский словарь с санскритскими параллелями

Bibliografiske detaljer
Parent link:Тибетско-русско-английский словарь с санскритскими параллелями/ Ю. Н. Рерих; Академия наук СССР (АН СССР), Институт востоковедения (ИВ). Вып. 10.— , 1983-1987
Sprog:tibetansk
russisk
engelsk
Udgivet: 1987
Fag:
Format: MixedMaterials Bog
KOHA link:https://koha.lib.tpu.ru/cgi-bin/koha/opac-detail.pl?biblionumber=247881

MARC

LEADER 00000nam2a2200000 4500
001 247881
005 20231101232334.0
035 |a (RuTPU)RU\TPU\book\269501 
035 |a BOOK00023709 
035 |a RU\TPU\book\23636 
090 |a 247881 
100 |a 20011209d1987 km y0tiby50 ba 
101 0 |a tib  |a rus  |a eng 
102 |a RU 
105 |a y e 000zy 
200 0 |a Вып. 10 
210 |d 1987 
215 |a 343 с. 
461 1 |0 (RuTPU)RU\TPU\book\23636  |t Тибетско-русско-английский словарь с санскритскими параллелями  |f Ю. Н. Рерих  |g Академия наук СССР (АН СССР), Институт востоковедения (ИВ)  |v Вып. 10  |d 1983-1987 
606 1 |a Тибетские языки  |2 stltpush  |3 (RuTPU)RU\TPU\subj\60162  |9 77651 
610 1 |a словари 
610 1 |a санскрит 
686 |a Ш171.41  |v LBC/SL-A  |2 rubbk 
801 1 |a RU  |b 63413507  |c 20140115 
801 2 |a RU  |b 63413507  |c 20160602  |g RCR 
942 |c BK